00383nam a2200109Ia 4500008004100000245007100041260000900112650001200121856004800133999001900181952007300200171211s9999 xx 000 0 und d aSpies and Holy Wars: The Middle East in 20th-Century Crime Fiction c2010 xCULTURE uhttp://down.ebook777.com/063/0292723008.pdf c347800d347800 001040aCLbCLd2017-12-11l0r2017-12-11 00:00:00w2017-12-11yCBE